000 00956nmc a2200325 a 4500
003 AR-BaBNM
005 20251128211748.0
008 216020s2005 ||||||||||||||000 | spa||
020 _a84-205-4807-3
040 _cAR-BaBNM
245 1 0 _aDidáctica de las matemáticas para educación infantil
260 _aMadrid
_bPearson-Prentice Hall
_c2005
300 0 _a409 p.
_bil.
490 0 _aDidáctica Preescolar
504 _aContiene referencias bibliográficas
650 4 _aENSENANZA DE LAS MATEMATICAS
650 4 _aAPRENDIZAJE ESCOLAR
650 4 _aPENSAMIENTO LOGICO
650 4 _aFORMACION DE CONCEPTOS
650 4 _aDIDACTICA
650 4 _aARITMETICA
650 4 _aGEOMETRIA
653 0 _aEDUCACION INICIAL
700 1 _aChamorro Plaza, María del Carmen
_ecoordinador
700 1 _aBelmonte Gómez, Juan Miguel
700 1 _aRuiz Higueras, Luisa
700 1 _aVecino Rubio, Francisco
942 _cBK
998 _cme-solo cat
999 _c20997
_d20997